Contabilidad microeconómica / (Record no. 27505)

MARC details
000 -LEADER
campo de control de longitud fija 00601nam a2200181 i 4500
001 - NÚMERO DE CONTROL
campo de control 27505
003 - IDENTIFICADOR DE NÚMERO DE CONTROL
campo de control ES-MaACL
005 - FECHA Y HORA DE LA ÚLTIMA TRANSACCIÓN
campo de control 20230906153630.0
007 - CAMPO FIJO DE DESCRIPCIÓN FÍSICA--INFORMACIÓN GENERAL
campo de control de longitud fija t|
008 - DATOS DE LONGITUD FIJA--INFORMACIÓN GENERAL
campo de control de longitud fija 030114s1964 sp ||||1| spa d
100 1# - ENTRADA PRINCIPAL--NOMBRE DE PERSONA
Nombre de persona Aubert-Krier, Jane.
9 (RLIN) 23805
245 10 - MENCIÓN DEL TÍTULO
Título Contabilidad microeconómica /
Mención de responsabilidad, etc. Jane Aubert-Krier ; [Traducción y revisión J. Gil Aluja ; prólogo E. Fernández Peña].
260 ## - PUBLICACIÓN, DISTRIBUCIÓN, ETC.
Lugar de publicación, distribución, etc. Barcelona :
Nombre del editor, distribuidor, etc. Sagitario,
Fecha de publicación, distribución, etc. [1964]
300 ## - DESCRIPCIÓN FÍSICA
Extensión 208 p. :
Otras características físicas il. ;
Dimensiones 22 cm.
700 0# - ENTRADA AGREGADA--NOMBRE PERSONAL
Nombre de persona Gil Aluja, Jaime.
9 (RLIN) 56762
700 1# - ENTRADA AGREGADA--NOMBRE PERSONAL
Nombre de persona Fernández Peña, Enrique.
9 (RLIN) 49986
852 ## - LOCALIZACIÓN
Ubicación ES-MaACL
Número de control de estantería C-27124
Sublocalización o colección R.56120
Holdings
Estatus retirado Estado de pérdida Estado de daño No para préstamo Biblioteca de origen Biblioteca actual Ubicación en estantería Fecha de adquisición Fuente de adquisición Total de préstamos Signatura topográfica completa Código de barras Visto por última vez Precio de reemplazo Tipo de ítem Koha
        Biblioteca del Ateneo de Madrid Biblioteca del Ateneo de Madrid Depósito 2 17/01/2008     C-27124 1028401 23/02/2023 23/02/2023 Libro impreso